00642nam a22001932 450000100060000000300080000600500170001400800410003103500510007204000460012304100080016908200270017710000380020424500700024226000500031230000210036250400380038365000270042113973BD-RjUL20211208235540.0140203s1964 ii a b 001 0 eng d a(BD-RjUL)14025aOCLC ocm06030244 from D971006M aPrinted for PL480cNRCdEQOdBD-RjULbeng aeng04a635.0495bMUP 19642211 aMukundan, Thyan Kariyadan,d1906-10aPlant protection :bprinciples and practice /cby T. K. Mukundan. aBombay ;aNew York :bAsia Pub. House,c1964. a389 p. :c22 cm. aBibliography: p. [377] and index. 0aPlants, Protection of.